000 00725nam a22002057a 4500
008 090202t xxu||||| |||| 00| 0 eng d
010 _aENG-92743
020 _a8188295175
_c140.00
035 _aEN-76276
037 _bDBAD / PUB
040 _adpl
_bEnglish
082 _a577.14
100 _aSangeetha, A.
245 _aEnvironmental chemistry /
_cby A. Sangeetha
260 _aTrichy
_bNawal Publications
_c2007
300 _a180p.
_c24cm (pbk)
650 _aEnvironmental chemistry.
942 _2ddc
_cEN
_mSAN
_h577.14
999 _c22841
_d22841